000 00807nam a22002177a 4500
999 _c19577
_d19577
003 AR-CdUCM
008 190518b ||||| |||| 00| 0 spa d
040 _aMUNICIPALIDAD PROVINCIAL DEL CUSCO
_cBIBLIOTECA MUNICIPAL DEL CUSCO
082 _a341.2 /
_bSP74
100 _aSpencer, H.
_928646
245 _aLa justicia /
260 _aMadrid :
_bLa España Moderna,
_c1890.
300 _a384 páginas ;
_c22 cm.
440 _aBiblioteca de Jurisprudencia, Filosofía é Historia.
_930716
505 _aContenido: Ética animal -- La justicia subhumana -- La justicia humana -- El sentimiento de la justicia -- La idea de la justicia -- La fórmula de la justicia ...
650 _aJusticia
_97448
650 _aDerecho
_9739
650 _aÉtica
_91337
942 _2ddc
_cLIBROS
945 _aachl
_d2019-05-18